Central Library and Information Centre
Sibsagar Girls' College, Sivasagar : Assam

GRAMMAR & COMPOSITION : A SENIOR COURSE (Record no. 8834)

MARC details
000 -LEADER
fixed length control field 00435cam a2200181ua 4500
008 - FIXED-LENGTH DATA ELEMENTS--GENERAL INFORMATION
fixed length control field 060101n II |||gr||||Z||||||eng
040 ## - CATALOGING SOURCE
Original cataloging agency MAIN
041 ## - LANGUAGE CODE
-- English
082 ## - DEWEY DECIMAL CLASSIFICATION NUMBER
Classification number 415 SHE
100 ## - MAIN ENTRY--PERSONAL NAME
Personal name SHEPPARD, DAVID.
245 ## - TITLE STATEMENT
Title GRAMMAR & COMPOSITION : A SENIOR COURSE
260 ## - PUBLICATION, DISTRIBUTION, ETC.
Place of publication, distribution, etc. MUMBAI:
Name of publisher, distributor, etc. ORIENT LONGMAN .,
Date of publication, distribution, etc. 1996.
300 ## - PHYSICAL DESCRIPTION
Extent 124:
Dimensions 18CM.
700 ## - ADDED ENTRY--PERSONAL NAME
Personal name THOMAS,DAVID REID.
942 ## - ADDED ENTRY ELEMENTS (KOHA)
Koha item type Books
653 ## - INDEX TERM--UNCONTROLLED
Uncontrolled term Grammar
Holdings
Withdrawn status Lost status Damaged status Not for loan Collection code Home library Current library Shelving location Date acquired Full call number Barcode Date last seen Copy number Price effective from Koha item type Public note
        TBENG Central Library and Information Centre Sibsagar Girls College Central Library and Information Centre Sibsagar Girls College ENGLISH BOOK RACK 01.08.2006 415 SHE 21324 27.02.2020 1 27.02.2020 Books V


Sibsagar Girl's College © 2020. All rights reserved.
Powered by Koha.
Maintained by Abhijit Borpuzari.